LEADER 01205cam0-2200385-i-450- 001 990004255840403321 005 20130314113340.0 035 $a000425584 035 $aFED01000425584 035 $a(Aleph)000425584FED01 035 $a000425584 100 $a19990604g19251926km-y0itay50------ba 101 2 $agrc$afre 105 $ay-------00-f- 200 1 $aFabulae$fAesopi$grecensuit Aemilius Chambry 210 $aParis$cLes Belles Lettres$d1925-1926 215 $a2 v.$d20 cm 225 1 $aCollection des universités de France 500 11$aFabulae$m$918697 610 0 $aEsopo$aFavole 676 $a880.01 700 1$aAesopus$f<6. saec. a. C.>$0154746 702 1$aChambry,$bEmile 801 0$aIT$bUNINA$gRICA$2UNIMARC 901 $aBK 912 $a990004255840403321 952 $aArangio Ruiz B V 4$b104$fDDR 952 $aP2B-600-B.L.-AESOP-200A (1)-1925$bBibl.19883$fFLFBC 952 $aP2B-600-B.L.-AESOP-200A (2)-1926$bBibl.8746bis$fFLFBC 952 $aP2B-600-B.L.-AESOP-200A (1BIS)-1925$bBibl.8746bis$fFLFBC 952 $aP2B-600-B.L.-AESOP-200A (2BIS)-1926$bBibl.19883$fFLFBC 959 $aFLFBC 959 $aDDR 996 $aFabulae$918697 997 $aUNINA LEADER 01809nam0 22004213i 450 001 PUV0464012 005 20231121125615.0 100 $a20040916d1956 ||||0itac50 ba 101 | $alat$clat 102 $ade 181 1$6z01$ai $bxxxe 182 1$6z01$an 200 1 $aPompei Trogi Fragmenta$fcollegit Otto Seel 210 $aLipsiae$cin aedibus B.G. Teubneri$d1956 215 $aXXIII, 208 p.$d21 cm. 225 | $aBibliotheca scriptorum Graecorum et Romanorum Teubneriana 410 0$1001CFI0069176$12001 $aBibliotheca scriptorum Graecorum et Romanorum Teubneriana 500 10$aDe animalibus$3VEA1351733$9RAVV047258$93613884 500 10$xLAT$aHistoriae Philippicae$3VEA1351738$9RAVV047258$93613885 517 1 $aFragmenta$9CFI0162362 606 $aTrogo Pompeo . Historiae Philippicae$xEdizioni critiche$2FIR$3RMLC446865$9N 676 $a930$9Storia del mondo antico, fino al 499 ca.$v22 700 1$aTrogus$b, Pompeius$3RAVV047258$4070$0186595 702 1$aSeel$b, Otto$3MILV064958 790 1$aTrogue$b, Pompée$3CFIV145936$zTrogus, Pompeius 790 0$aPompeius Trogus$3CFIV145937$zTrogus, Pompeius 790 0$aTrogue Pompée$3CFIV146096$zTrogus, Pompeius 801 3$aIT$bIT-01$c20040916 850 $aIT-RM028 $aIT-RM0290 $aIT-FR0017 899 $aBiblioteca Universitaria Alessandrina$bRM028 899 $aBIBLIOTECA ANGELICA$bRM0290 899 $aBiblioteca umanistica Giorgio Aprea$bFR0017 $eN 912 $aPUV0464012 950 0$aBiblioteca umanistica Giorgio Aprea$d 52DLM BTL /Trog. /1$e 52DUP0009029505 VMB RS $fA $h20190905$i20190905 977 $a 01$a 06$a 52 996 $aHistoriae Philippicae$93613885 996 $aDe animalibus$93613884 997 $aUNICAS